Human resource management : Theory & practice (Record no. 1460390)

MARC details
000 -LEADER
fixed length control field 00623nam a2200217Ia 4500
005 - DATE AND TIME OF LATEST TRANSACTION
control field 20250923150154.0
008 - FIXED-LENGTH DATA ELEMENTS--GENERAL INFORMATION
fixed length control field 008 250917s9999 xx 000 0 eng d
037 ## - SOURCE OF ACQUISITION
Stock number Textual
040 ## - CATALOGING SOURCE
Original cataloging agency DSWL
Language of cataloging eng
Transcribing agency DSWL
041 ## - LANGUAGE CODE
Language code of text/sound track or separate title eng
Source of code eng
084 ## - COLON CLASSIFICATION NUMBER
Classification number X:991, P03
Assigning agency DSWL
100 ## - MAIN ENTRY--PERSONAL NAME
Personal name Bratton, John
9 (RLIN) 843028
245 #0 - TITLE STATEMENT
Title Human resource management : Theory & practice
Statement of responsibility, etc. by John Bratton
260 ## - PUBLICATION, DISTRIBUTION, ETC.
Place of publication, distribution, etc. Houndmills
Name of publisher, distributor, etc. Palgrave USA
Date of publication, distribution, etc. 2003
300 ## - PHYSICAL DESCRIPTION
Extent 540p.
365 ## - TRADE PRICE
Price type code INR
Price amount 889 . 91
650 ## - SUBJECT ADDED ENTRY--TOPICAL TERM
Topical term or geographic name entry element Jeffrey GOLD
9 (RLIN) 843029
925 ## -
-- 889 . 91
942 ## - ADDED ENTRY ELEMENTS (KOHA)
Koha item type Textual
Classification part X:991, P03
Holdings
Withdrawn status Lost status Damaged status Not for loan Home library Current library Date acquired Source of acquisition Inventory number Total Checkouts Full call number Barcode Date last seen Price effective from Koha item type
        Department of Social Work Library Department of Social Work Library 2025-09-23 Shyam Book Dist 101/05 , 31/08/2005   X:991, P03 SW0029159 2025-09-23 2025-09-23 Textual
Copyright @ Delhi University Library System